|
|
|
|
| LEADER |
01338cam a2200313 a 4500 |
| 001 |
00435979 |
| 003 |
GR-PaULI |
| 008 |
060206s1999 fr 000 0 eng d |
| 020 |
|
|
|a 2844330363
|
| 040 |
|
|
|a GrPaTEI
|b gre
|c GR-PaULI
|
| 041 |
0 |
|
|a eng
|a fre
|
| 082 |
|
0 |
|a 551.457
|2 21
|
| 245 |
0 |
0 |
|a CoastGIS'99 =
|b CoastGIS'99 : geomatics and coastal environment: Geomatique et environnement littoral /
|c coordinateurs, Jacques Populus, Lionel Loubersac.
|
| 260 |
|
|
|a Paris :
|b Ifremer,
|c c1999.
|
| 300 |
|
|
|a 318σ. :
|b εικ,χαρτ. ;
|c 24 εκ.
|
| 490 |
1 |
|
|a Actes de colloque ;
|v 25
|
| 500 |
|
|
|a Περιλαμβάνει βιβλιογραφία
|
| 650 |
|
0 |
|a Coasts
|v Congresses
|
| 650 |
|
0 |
|a Geographic information systems
|v Congresses
|
| 650 |
|
7 |
|a Ακτές
|v Συνέδρια
|2 lcsh/gre
|
| 650 |
|
7 |
|a Γεωγραφικά συστήματα πληροφόρησης
|v Συνέδρια
|2 lcsh/gre
|
| 700 |
1 |
|
|a Loubersac, Lionel
|
| 700 |
1 |
|
|a Populus, Jacques
|
| 710 |
2 |
|
|a Ifremer
|
| 830 |
|
0 |
|a Actes de colloque) ;
|v 25 (Ifremer
|
| 942 |
|
|
|2 ddc
|
| 952 |
|
|
|0 0
|1 0
|2 ddc
|4 0
|6 551_457000000000000_COA
|7 0
|9 250384
|a MSLG
|b MSLG
|c BSC
|d 2021-01-17
|e 24
|f 0
|g 0.00
|l 0
|o 551.457 COA
|p 99242000028222
|r 2021-01-17 00:00:00
|t 1
|w 2021-01-17
|y BK15
|x Items transfered from Loc16 to Loc24
|x GrPaTEI
|
| 971 |
|
|
|a .b11753523
|b 24-09-20
|c 27-08-15
|
| 999 |
|
|
|c 148611
|d 148611
|